Quiz surJordan Spieth - Golf - Statistiques

Statistiques générales
  • Ce quiz a été pris 58 fois
  • Le résultat moyen est 8 sur 12
Statistiques - réponses
Question Réponse % Correct
Combien a-t-il d’enfants? 1
98%
A quel âge est-il devenu professionnel? 19
94%
En quelle année Jordan Spieth est-il devenu 1er mondial? 2015
90%
Quels tournois majeurs a-t-il gagné en 2015? Masters et US Open
88%
Avec quel autre golfeur est-il présenté dans cette série? Justin Thomas
83%
En quelle année a-t-il été désigné le meilleur joueur junior? 2008
81%
En quelle année est-il né? 1993
77%
De quelle série Netflix fait-il l’objet dans le premier épisode? Full Swing
65%
Il a joué pour une équipe de l’université d’un état en tant qu’amateur. Lequel était-ce? Texas
48%
Quel tournoi a-t-il gagné en 2022, connu pour sa veste rouge à carreau. RBC Heritage
46%
Quel score total a-t-il marqué aux Masters sur 4 tours? Moins 18
31%
Pour quel jeune fan (multiple gagnant du championnat du monde USKG) a-t-il fait une vidéo? Bento Assis
8%
Aucun quiz correspondant
Distribution des résultats
% des personnes avec chaque résultat
Percentile par nombre de réponses
Votre historique - résultats
Vous n’avez pas pris ce quiz